000 02972cam a22005774i 4500
003 PE-LiUPU
005 20250731180121.0
008 150623s r 000 0 d
020 _a8420008540
035 _a(Sirsi) i9788420008547
040 _aPE-LiUPU
_bspa
_cPE-LiUPU
_erda
049 _aPRUA
082 0 4 _a576.163
_bI26M
_221
110 2 _aThe International Commission on Microbiological Specifications for Foods ( ICMSF )
245 1 0 _aMicroorganismos de los alimentos :
_bcaracterísticas de los patógenos microbianos /
_c ICMSF, Traducido por Manuel Ramis Vergés.
264 1 _aZaragoza, España :
_bAcribia,
_c1996.
300 _a606 páginas :
_bilustraciones, gráficos, cuadros ;
_c25 centímetros
336 _atext
_2rdacontent
337 _aunmediated
_2rdamedia
338 _avolume
_2rdacarrier
500 _a"ICMSF", en la cubierta.
504 _aIncluye bibliografía por capítulo y publicaciones de la ICMSF.
505 0 _aAeromonas. -BacilIus cereus. -BrucelIá. -Campylobacter. -Clostridium botulinum. -Clostridium perfringens.-Escherichia coli patógeno intestinal. -Listeria monocytogenes. -Parásitos: Anisakidae. -Parásitos: Taenia spp. (T. saginata y T. solium). -Parásitos: TrichinelIa spiralis. -Plesiomonas. -Pseudomonas cocovenenans.- Salmonelas. -Toxinas de origen microbiano de los alimentos marinos. -Shigella. -Staphylococcus aureus. -Streptococcus. -Hongos toxigénicos: Aspergillus. -Hongos toxigénicos: Fusarium. -Hongos toxigénicos: penicillium. -Vibrio cholerae. -Vibrio parahaemolyticus. -Vibrio vulnificus. -Virus. -Yersinia enterocolitica.
526 _aSEG44
526 _aSEG26
526 _aP159
526 _aP155
526 _aP154
526 _aP153
526 _aP150
526 _aP100
526 _aP31
526 _aP30
526 _aP26
526 _aP25
526 _aP24
526 _aP22
526 _aP15
526 _aP10
541 _g015-0011462;
650 0 4 _aMicrobiologia de los alimentos.
700 1 _aRamis, Vergés,
_etr.
942 _2ddc
_cBOOK
949 _a576.163 I26M
_wDEWEY
_c1
_i61443
_d2016-9-21
_e2016-9-19
_lCCODEBUL1
_mBUL
_n19
_p82.00
_r0
_sY
_tBOOK
_u2015-6-24
_xINGENIERIA
_PP26
_0COMPRA
_o.STAFF. Colección General
949 _a576.163 I26M
_wDEWEY
_c2
_i50832
_d2016-9-1
_e2016-8-29
_lCCODEBUL1
_mBUL
_n12
_p86.86
_r0
_sY
_tBOOK
_u2015-6-24
_xINGENIERIA
_zUNKNOWN
_0COMPRA
_o.STAFF. Colección General
994 _aC0
_bPEPRU
596 _a1
999 _a576.163 I26M
_wDEWEY
_c34482
_i61443
_d34482
_e2018-3-6
_f2021-11-5
_g7
_lCCODEBUL1
_mBUL
_n27
_p82.00
_q2
_r0
_sN
_tBOOK
_u2015-6-24
_xBIBLIOTECA
_PP26
_0COMPRA
_o.STAFF. Colección General
999 _a576.163 I26M
_wDEWEY
_c2
_i50832
_d2019-9-3
_e2019-8-29
_f2021-11-9
_g7
_lCCODEBUL1
_mBUL
_n23
_p86.86
_q1
_r0
_sY
_tBOOK
_u2015-6-24
_xINGENIERIA
_zUNKNOWN
_0COMPRA
_o.STAFF. Colección General
980 _81
_gALBERTO SANCHEZ Responsable de Automatización